Zares y Emperadores de Rusia - Estadísticas

Estadísticas generales
  • Esta prueba ha sido intentada 175 veces
  • La puntuación promedio es 16 de 26
Estadísticas de respuestas
Período Nombre % Correcto
1547-1584 Iván IV
92%
1682-1696 Iván V
92%
1740-1741 Iván VI
92%
1825-1855 Nicolás I
92%
1894-1917 Nicolás II
92%
1682-1721 Pedro I
88%
1721-1725 Pedro I
88%
1727-1730 Pedro II
88%
1762 Pedro III
88%
1801-1825 Alejandro I
84%
1855-1881 Alejandro II
84%
1881-1894 Alejandro III
84%
1725-1727 Catalina I
83%
1762-1796 Catalina II
83%
1796-1801 Pablo I
51%
1730-1740 Ana I
41%
1741-1762 Isabel I
37%
1613-1645 Miguel I
35%
1584-1598 Teodoro I
27%
1605 Teodoro II
27%
1676-1682 Teodoro III
27%
1598-1605 Borís Godunov
25%
1606-1610 Basilio IV
24%
1645-1676 Alejo I
22%
1605-1606 Demetrio I
16%
1610-1613 Vladislao I
15%
No se encontraron pruebas coincidentes
Distribución de puntuación
Porcentaje de gente con cada puntuación
Porcentaje por número respondido
Historial de tus puntuaciones
No has intentado esta prueba.